| 000 | 00646nam a22001817a 4500 | ||
|---|---|---|---|
| 003 | BD-DhUL | ||
| 005 | 20180312100226.0 | ||
| 008 | 180312s1953 bg ||||| |||| 00| 0 ben d | ||
| 040 |
_aBD-DhUL _cBD-DhUL |
||
| 082 |
_a891.443 _bALA |
||
| 100 | 1 | _aআলো (ছদ্মনাম) | |
| 245 | 0 | 0 |
_aআশা নিয়ে ফিরে যাই / _cআলো (ছদ্মনাম) |
| 260 |
_aঢাকা : _bওয়ার্সী বুক সেন্টার, _c১৯৫৩। |
||
| 300 |
_a৯৬ পৃ. ; _c১৭ সেমি. |
||
| 650 | 4 | _aবাংলা উপন্যাস | |
| 650 | 4 | _aBengali fiction | |
| 942 |
_2ddc _cBK |
||
| 999 |
_c239119 _d239119 |
||